Smrečina

Bibliographic Details
Main Author: Ziemianin, Adam, 1948- (Author)
Other Authors: Kovalčík, Vlastimil, 1939- (Translator)
Format: Article
Language:Slovak
Polish
ISSN:0231-6269
Subjects:

MARC

LEADER 00000nab a2200000 a 4500
001 vtls009952631
003 SK-MaSNL
005 20260304150844.0
008 250506c2009 xo |r|p|||||||000 b|slo
015 |a SNBRB2009/09  |2 snkbucl 
035 |a (uuid)897c3ca8-1083-4d94-b3ca-86856403bacf 
035 |a urn:nbn:sk:snk-abc57w 
035 |a (urnnbn)urn:nbn:sk:snk:ar-004fxq 
038 |a SNKBUCL 
040 |a SNKBUCL  |b slo  |c SNKBUCL  |e AACR2 
041 1 |a slo  |h pol 
044 |a xo  |c SK 
080 |a 821.162.1-1  |2 2001 
100 1 |a Ziemianin, Adam,  |d 1948-  |4 aut  |9 410574 
245 1 0 |a Smrečina  |c Adam Ziemianin ; preložil Vlastimil Kovalčík 
500 |a Pod spoločným názvom Viachlas zo súčasnej poľskej poézie 21. storočia 
650 0 7 |a poľské básne  |2 snkbucl  |9 1037272 
700 1 |a Kovalčík, Vlastimil,  |d 1939-  |4 trl  |9 102390 
773 0 |t Revue svetovej literatúry  |g Roč. XLV, č. 3 (2009), s. 153  |x 0231-6269 
850 |a Slovenská národná knižnica 
852 |a Slovenská národná knižnica 
958 |a article15 
958 |a OND 
958 |a LX 
958 |a PL 
958 |a EUIPO 
999 |c 2940022  |d 2941952